Minecraft - Villageois par image - Statistiques

Statistiques générales
  • Ce quiz a été pris 51 fois
  • Le résultat moyen est 7 sur 15
Statistiques - réponses
Par images Réponse % Correct
Fermier
80%
Cartographe
73%
Bibliothécaire
62%
Pêcheur
62%
Idiot du village
60%
Fléchier
53%
Prêtre
51%
Boucher
49%
Maçon
47%
Tanneur
47%
Armurier
44%
Forgeron d'outils
29%
Berger
27%
Forgeron d'armes
27%
Sans profession
7%
Aucun quiz correspondant
Distribution des résultats
% des personnes avec chaque résultat
Percentile par nombre de réponses
Votre historique - résultats
Vous n’avez pas pris ce quiz